A war history of the Sixth U.S. Infantry (illustrated) from 1798 to 1903 : with rosters and memorials of the Cuban and Philippine campaigns /

Bibliographic Details
Main Author: Babcock, Elkanah
Format: Book
Language:English
Published: Kansas City, Mo. : Hudson-Kimberly Pub. Co., 1903.
Subjects:

MARC

Tag First Indicator Second Indicator Subfields
LEADER 00000cam a2200000Ia 4500
001 in00001576833
005 20151022105315.0
008 790725s1903 moua 000 0 eng
010 |a  03009926  
035 |a (OCoLC)ocm05208123 
040 |a DLC  |c MHR  |d OCL  |d TXA  |d UtOrBLW 
049 |a TXAM 
090 |a UA29 6th  |b .B32 1903 
100 1 |a Babcock, Elkanah. 
245 1 2 |a A war history of the Sixth U.S. Infantry (illustrated) from 1798 to 1903 :  |b with rosters and memorials of the Cuban and Philippine campaigns /  |c by Elkanah Babcock ; revised and edited by S.T. Fisk, Jr. ; introduction by J.A. Randolph. 
264 1 |a Kansas City, Mo. :  |b Hudson-Kimberly Pub. Co.,  |c 1903. 
300 |a 194 pages :  |b illustrations ;  |c 22 cm. 
336 |a text  |b txt  |2 rdacontent 
337 |a unmediated  |b n  |2 rdamedia 
338 |a volume  |b nc  |2 rdacarrier 
610 1 0 |a United States.  |b Army.  |b Infantry Regiment, 6th. 
650 0 |a Spanish-American War, 1898. 
994 |a E0  |b TXA 
948 |a cataloged  |b h  |c 2000/12/19  |d c  |e mzajicek  |f 4:05:31 pm 
999 |a MARS 
999 f f |s 8331c702-b149-364c-ad1a-35eb0345eda8  |i 5415cc36-f1ad-3345-92e9-ce6139e9e520  |t 0 
952 f f |p noncirc  |a Texas A&M University  |b College Station  |c Cushing Memorial Library & Archives  |d Cushing: Ragan Military (Does not check out)  |t 0  |e UA29 6th .B32 1903  |h Library of Congress classification  |i unmediated -- volume 
998 f f |a UA29 6th .B32 1903  |t 0  |l Cushing: Ragan Military (Does not check out)